Economic Performance and Financial Stability: Case of the Eurasian Economic Union

Empirické hodnotenie vzťahu medzi niektorými ukazovateľmi finančnej stability a ekonomickej výkonnosti. Zameranie sa na Euroázijskú hospodársku úniu, ktorá zahŕňa Arménsko, Bielorusko, Kazachstan, Kirgizsko a Rusko.

Gespeichert in:
Bibliographische Detailangaben
1. Verfasser: Pošta, Vít
Weitere Verfasser: Mukusheva, Aziya, Kuchukova, Nurilya
Format: Buchkapitel
Sprache:Englisch
Schlagworte:
Tags: Tag hinzufügen
Keine Tags, Fügen Sie das erste Tag hinzu!

MARC

LEADER 00000naa a2200000 4500
001 0283156
005 20241031105416.7
041 0 |a eng 
044 |a SK 
245 1 0 |a Economic Performance and Financial Stability: Case of the Eurasian Economic Union  |c Vít Pošta, Aziya Mukusheva, Nurilya Kuchukova 
520 |a Empirické hodnotenie vzťahu medzi niektorými ukazovateľmi finančnej stability a ekonomickej výkonnosti. Zameranie sa na Euroázijskú hospodársku úniu, ktorá zahŕňa Arménsko, Bielorusko, Kazachstan, Kirgizsko a Rusko. 
610 2 0 |a výkonnosť ekonomiky 
610 2 0 |a výkonnosť finančná 
610 2 0 |a stabilita finančná 
610 2 0 |a Euroázijská ekonomická únia 
610 2 0 |a analýza dát panelových 
610 2 0 |a odhady 
100 1 |a Pošta, Vít 
700 1 |a Mukusheva, Aziya 
700 1 |a Kuchukova, Nurilya